คำอธิบายพระราชบัญญัติว่าด้วยความผิดอันเกิดจากการใช้เช็ค พ.ศ.2534 (ระเบียนเลขที่ 60311)
| 000 -LEADER | |
|---|---|
| fixed length control field | 00962nam a22002177a 4500 |
| 005 - DATE AND TIME OF LATEST TRANSACTION | |
| control field | 20251003161322.0 |
| 008 - FIXED-LENGTH DATA ELEMENTS--GENERAL INFORMATION | |
| fixed length control field | s2553 th tha d |
| 020 ## - INTERNATIONAL STANDARD BOOK NUMBER | |
| International Standard Book Number | 9789742034962 |
| 040 ## - CATALOGING SOURCE | |
| Original cataloging agency | NALT |
| 041 ## - LANGUAGE CODE | |
| Language code of text/sound track or separate title | tha |
| 090 ## - LOCALLY ASSIGNED LC-TYPE CALL NUMBER (OCLC); LOCAL CALL NUMBER (RLIN) | |
| Classification number (OCLC) (R) ; Classification number, CALL (RLIN) (NR) | KS48.2 ธ699ค 2553 |
| 100 0# - MAIN ENTRY--PERSONAL NAME | |
| Personal name | ธีสุทธิ์ พันธ์ฤทธิ์ |
| 245 10 - TITLE STATEMENT | |
| Title | คำอธิบายพระราชบัญญัติว่าด้วยความผิดอันเกิดจากการใช้เช็ค พ.ศ.2534 |
| 260 3# - PUBLICATION, DISTRIBUTION, ETC. | |
| Place of publication, distribution, etc. | กรุงเทพฯ : |
| Name of publisher, distributor, etc. | นิติธรรม, |
| Date of publication, distribution, etc. | 2553 |
| 300 ## - PHYSICAL DESCRIPTION | |
| Extent | 225 หน้า ; |
| Other physical details | 21 ซม. |
| 650 04 - SUBJECT ADDED ENTRY--TOPICAL TERM | |
| Topical term or geographic name entry element | คดีเช็ค -- คำพิพากษาฎีกา |
| 650 04 - SUBJECT ADDED ENTRY--TOPICAL TERM | |
| Topical term or geographic name entry element | เช็ค -- กฎหมายและระเบียบข้อบังคับ |
| 850 ## - HOLDING INSTITUTION | |
| Holding institution | NALT |
| 942 ## - ADDED ENTRY ELEMENTS (KOHA) | |
| Koha item type | Law Book |
| Source of classification or shelving scheme | Library of Congress Classification |
| Koha issues (borrowed), all copies | 2 |
| 998 ## - LOCAL CONTROL INFORMATION (RLIN) | |
| -- | 111 |
| -- | นางสาวพจพิณ พรมเอี่ยม |
| Withdrawn status | Lost status | Damaged status | Not for loan | Collection code | Home library | Current library | Source of acquisition | Cost, normal purchase price | Total Checkouts | Total Renewals | Full call number | Barcode | Date last seen | Date last checked out | Copy number | Cost, replacement price | Price effective from | Koha item type |
|---|---|---|---|---|---|---|---|---|---|---|---|---|---|---|---|---|---|---|
| Law Book collection | National Assembly Library of Thailand | National Assembly Library of Thailand | จัดซื้อทรัพยากร | 185.00 | 1 | 1 | KS 48.2 ธ699ค 2553 | 3961181405 | 17/09/2025 | 03/09/2025 | ฉ. 1 | 235.00 | 09/06/2017 | Law Book | ||||
| Law Book collection | National Assembly Library of Thailand | National Assembly Library of Thailand | จัดซื้อทรัพยากร | 185.00 | 1 | 1 | KS 48.2 ธ699ค 2553 | 3961181404 | 16/10/2025 | 03/10/2025 | ฉ. 2 | 235.00 | 09/06/2017 | Law Book |
